000 01233nam a2200289 c 4500
003 BLK
005 20180422110801.0
008 180409b bul|||||r ||||||| ||bul||
010 _aKNG00127374000
040 _aBLK
041 _aBUL
_cBUL
080 _aБългарска литература
_b821.163.2
_x-1
_z821.163.2-1
100 1 _aАпостолова, Божана
_eпърви автор
_gПейкова, Божана Георгиева
_9372356
700 1 _aПейкова, Божана Георгиева
_e*
_9291754
139 _aАпостолова, Божана
_bА 78
245 1 0 _aНестинарска орис
_bСтихове
_cБожана Апостолова; * Божана Георгиева Пейкова.
257 _aBGR
260 Пловдив
_bХристо Г. Данов
_c1978
300 _a40 с.
_bс ил.
_c20 см
380 _aX
500 _aБожана Апостолова - псевд. на Божана Георгиева Пейкова. - 1 100 тир.
852 _aЦб 90550
856 4 _qpdf
_u
856 4 _qpdf
_u
942 _cKNG
_n0
944 _aCR
_c14.02.2012
_l14.02.2012 - от С1,Р / 14.02.2012
_kКина_Георгиева
944 _aED
_c14.02.2012
_l14.02.2012 - от С1,Р / 14.02.2012
_k
999 _c121742
_d121742